000 00430nam a2200181Ia 4500
001 15848
005 20260306170226.0
008 260306t2014||||xx |||||||||||||| ||und||
041 _aESP
082 _a620.11
_bS754
100 _aSmith, William F.
_eAUT
245 0 _aFundamentos de la ciencia e ingenierĂ­a de materiales
260 _c2014
300 _a
_c
650 _aGEN
654 _aCII
942 _cLIB
_dJUS
_fJUS
_2ddc
_n
999 _c15848
_d15848